[Event "tm FRA 1st"]
[Site "France"]
[Date "1999.??.??"]
[Round "8"]
[White "Glavina-Rossi, Pablo"]
[Black "Kosten, Anthony"]
[Result "1/2-1/2"]
[WhiteElo "2421"]
[BlackElo "2502"]
[Annotator "Noyon-Monaco"]
[PlyCount "99"]
[EventDate "1999.??.??"]

1. d4 Nf6 2. c4 e6 3. g3 Bb4+ 4. Bd2 Qe7 5. Bg2 Nc6 6. Nf3 Bxd2+ 7. Nbxd2 d6 8.
e4 a5 9. O-O e5 10. d5 Nb8 11. Ne1 O-O 12. Nd3 Na6 13. f4 c6 14. Qb3 Nd7 15.
Qc3 Nac5 16. Nxc5 Nxc5 17. Nb3 cxd5 18. exd5 Nxb3 19. axb3 exf4 20. Rxf4 Qc7
21. Re1 Bd7 22. Re7 Rae8 23. Rfe4 Rxe7 24. Rxe7 Qd8 25. Qe3 b6 26. h4 Re8 27.
Rxe8+ Bxe8 28. Bh3 Kf8 29. Kh2 h6 30. Kg2 Qc7 31. Kf3 Qc5 32. Qd3 Qb4 33. Qc2
Qe1 34. Bf5 g6 35. Bh3 Ke7 36. Qd3 Qe5 37. Qd2 g5 38. hxg5 hxg5 39. Kg2 Kd8 40.
Bg4 Kc7 41. Qc2 Qf6 42. Qe2 Bd7 43. Bxd7 Kxd7 44. Kh3 Qg6 45. Qf3 f5 46. Qe3
Kc7 47. Qe7+ Kc8 48. Qe3 Kc7 49. Qe7+ Kc8 50. Qe3 1/2-1/2

[Event "tm FRA 1st"]
[Site "France"]
[Date "1999.??.??"]
[Round "8"]
[White "Lanzani, Mario"]
[Black "Gosset, Arnaud"]
[Result "1-0"]
[WhiteElo "2393"]
[BlackElo "2075"]
[Annotator "Monaco-Noyon"]
[PlyCount "68"]
[EventDate "1999.??.??"]

1. e4 e6 2. d4 d5 3. Nc3 Bb4 4. e5 c5 5. a3 Bxc3+ 6. bxc3 Qc7 7. Nf3 b6 8. Bb5+
Bd7 9. Bd3 Ba4 10. Kf1 Ne7 11. h4 h5 12. Ng5 c4 13. Be2 g6 14. Nh3 Nf5 15. Bg5
Nd7 16. Ra2 Rg8 17. Qe1 Nf8 18. f3 Nh7 19. Bf4 O-O-O 20. g4 Ng7 21. Bd1 Qd7 22.
Kg2 Qb5 23. Be2 Qd7 24. Qd2 Rdf8 25. Ng5 Nxg5 26. Bxg5 Rh8 27. Rb1 Bc6 28. a4
Bxa4 29. Qc1 b5 30. Qa3 Ne8 31. Rab2 Qc7 32. Rxb5 Bxb5 33. Rxb5 Kd7 34. Qe7+
Kc8 1-0

[Event "tm FRA 1st"]
[Site "France"]
[Date "1999.??.??"]
[Round "8"]
[White "Duchene, Nathalie"]
[Black "Lebel, Julia"]
[Result "0-1"]
[WhiteElo "1960"]
[BlackElo "2073"]
[Annotator "Noyon-Monaco"]
[PlyCount "56"]
[EventDate "1999.??.??"]

1. d4 g6 2. Nf3 Bg7 3. c4 d6 4. Nc3 c6 5. h3 Nd7 6. e4 f6 7. Be2 Nh6 8. Be3 Nf7
9. O-O e5 10. Qd2 O-O 11. Nh2 Qe7 12. f4 exd4 13. Bxd4 Nc5 14. Rae1 Bd7 15. Bd1
b6 16. Bc2 Rae8 17. Rf3 Qd8 18. Qf2 Qc8 19. Qh4 f5 20. Bxg7 Kxg7 21. b4 fxe4
22. Bxe4 Nxe4 23. Rxe4 Bf5 24. Ree3 Rxe3 25. Rxe3 Re8 26. Rf3 Qd8 27. Qf2 Qf6
28. g4 28... Be6 {suite illisible gain noir au 36e coup} 0-1

[Event "tm FRA 1st"]
[Site "France"]
[Date "1999.??.??"]
[Round "8"]
[White "Hazarabedian, Guy"]
[Black "Wolfangel, Florence"]
[Result "1/2-1/2"]
[WhiteElo "1430"]
[BlackElo "1820"]
[Annotator "Monaco-Noyon"]
[PlyCount "81"]
[EventDate "1999.??.??"]

1. c4 c5 2. b3 Nf6 3. Bb2 e6 4. d3 d5 5. Nd2 d4 6. e4 e5 7. Ndf3 Nc6 8. Bc1 Be7
9. Bg5 a6 10. Ne2 h6 11. Bd2 O-O 12. Ng3 Nh7 13. Be2 f5 14. exf5 Bxf5 15. Nxf5
Rxf5 16. O-O Rf7 17. Ne1 Nf6 18. f3 Qc7 19. g3 Bd6 20. Ng2 b5 21. Nh4 Ne7 22.
Qc1 g5 23. Ng2 b4 24. a3 bxa3 25. Rxa3 Nc6 26. Qa1 Qb6 27. Ba5 Nxa5 28. Rxa5
Rfa7 29. Ra3 Qb4 30. Qb2 a5 31. Ra4 Qb6 32. Bd1 Rb8 33. Qd2 Qc7 34. Ne1 Rb4 35.
h4 Rxa4 36. bxa4 gxh4 37. Qxh6 Qg7 38. Qxh4 Rb7 39. Qh3 Rb1 40. Qe6+ Kh7 41.
Kg2 1/2-1/2

[Event "tm FRA 1st"]
[Site "France"]
[Date "1999.??.??"]
[Round "8"]
[White "Anic, Darko"]
[Black "Hebden, Mark"]
[Result "1/2-1/2"]
[WhiteElo "2464"]
[BlackElo "2556"]
[Annotator "Cannes-Clichy"]
[PlyCount "52"]
[EventDate "1999.??.??"]

1. c4 g6 2. g3 Bg7 3. Bg2 Nf6 4. Nc3 O-O 5. b3 e6 6. Ba3 Re8 7. e3 d5 8. Nge2
Nc6 9. O-O dxc4 10. bxc4 e5 11. d3 Bf5 12. Nd5 Qd7 13. Rb1 Nd8 14. Nec3 c6 15.
Nxf6+ Bxf6 16. Ne4 Bxe4 17. Bxe4 Bg7 18. Qb3 b6 19. Qa4 Rc8 20. Rfd1 Ne6 21.
Bg2 Red8 22. Qc2 Qc7 23. Bb4 Bf8 24. Bc3 Bg7 25. Bb4 Bf8 26. Bc3 Bg7 1/2-1/2

[Event "tm FRA 1st"]
[Site "France"]
[Date "1999.??.??"]
[Round "8"]
[White "Apicella, Manuel"]
[Black "Gallagher, Joseph"]
[Result "0-1"]
[WhiteElo "2515"]
[BlackElo "2519"]
[Annotator "Clichy-Cannes"]
[PlyCount "122"]
[EventDate "1999.??.??"]

1. e4 c5 2. Nf3 d6 3. d4 cxd4 4. Nxd4 Nf6 5. Nc3 Nc6 6. Be2 g6 7. O-O Bg7 8.
Nb3 O-O 9. Bg5 a5 10. a4 Be6 11. Re1 Rc8 12. h3 Nd7 13. Rb1 Nb6 14. Nd5 h6 15.
Be3 Nxa4 16. c3 Bxd5 17. exd5 Ne5 18. Bb5 Nb6 19. f4 Nec4 20. Bf2 a4 21. Nd4
Nxd5 22. f5 g5 23. Qxa4 Ne5 24. Ne2 e6 25. Ng3 Nf4 26. Rbd1 Qc7 27. Kh1 Ra8 28.
Qb4 Rfd8 29. fxe6 fxe6 30. Ne2 Nd5 31. Qb3 Rf8 32. Bg1 Qe7 33. c4 Nf4 34. Qc2
Nxe2 35. Rxe2 Nc6 36. Qe4 Rae8 37. Bh2 e5 38. Qd5+ Kh8 39. Red2 Rd8 40. Bxc6
bxc6 41. Qxc6 Rf6 42. Qe4 Rdf8 43. b4 Qc7 44. Ra2 Qb6 45. c5 dxc5 46. Bxe5 Qe6
47. Ra8 Kg8 48. Re1 Rxa8 49. Qxa8+ Rf8 50. Qe4 Bxe5 51. bxc5 Rf4 52. Qe3 Rf5
53. Qd3 Qf7 54. c6 Bc7 55. Rd1 Rf6 56. Qa6 Re6 57. Rf1 Qe7 58. Qa8+ Kg7 59.
Qa1+ Be5 60. Qc1 Qc7 61. Qc5 Qd6 0-1

[Event "tm FRA 1st"]
[Site "France"]
[Date "1999.??.??"]
[Round "8"]
[White "Chabanon, Jean-Luc"]
[Black "Degraeve, Jean-Marc"]
[Result "0-1"]
[WhiteElo "2468"]
[BlackElo "2536"]
[Annotator "Cannes-Clichy"]
[PlyCount "60"]
[EventDate "1999.??.??"]

1. d4 Nf6 2. c4 g6 3. Nc3 Bg7 4. e4 d6 5. Nf3 O-O 6. Be2 e5 7. O-O Nc6 8. d5
Ne7 9. Ne1 Nd7 10. Be3 f5 11. f3 f4 12. Bf2 g5 13. a4 a5 14. Nd3 b6 15. b4 axb4
16. Nb5 Nf6 17. Be1 g4 18. fxg4 Nxe4 19. Bxb4 Bd7 20. Qc2 Ng5 21. h4 Ne4 22.
Be1 Ng6 23. h5 Ng3 24. hxg6 Qh4 25. Nf2 Bxb5 26. gxh7+ Kh8 27. cxb5 e4 28. Rd1
f3 29. gxf3 Nxe2+ 30. Qxe2 exf3 0-1

[Event "tm FRA 1st"]
[Site "France"]
[Date "1999.??.??"]
[Round "8"]
[White "Nataf, Igor-Alexandre"]
[Black "Godena, Michele"]
[Result "1/2-1/2"]
[WhiteElo "2475"]
[BlackElo "2552"]
[Annotator "Clichy-Cannes"]
[PlyCount "89"]
[EventDate "1999.??.??"]

1. e4 e5 2. Nf3 Nc6 3. d4 exd4 4. Nxd4 Bb4+ 5. c3 Bc5 6. Nxc6 bxc6 7. Bd3 Ne7
8. O-O O-O 9. Kh1 d6 10. f4 f5 11. Nd2 Bd7 12. Qf3 Qc8 13. Nb3 Bb6 14. Be3 fxe4
15. Bxe4 Bg4 16. Qf2 Nd5 17. Bxb6 axb6 18. Nd4 Bd7 19. Qh4 h6 20. c4 Nf6 21.
Bxc6 Bxc6 22. Nxc6 Qe8 23. Nd4 Qe4 24. Qf2 Ng4 25. Qd2 Qe3 26. Qxe3 Nxe3 27.
Rfe1 Nxc4 28. b3 Na3 29. Rac1 Rxf4 30. Ne6 Rf7 31. Nxc7 Rc8 32. Nd5 Rxc1 33.
Rxc1 Rf2 34. Kg1 Rxa2 35. Rc6 Rb2 36. Rxb6 Nc2 37. b4 Ne1 38. Rxd6 Nxg2 39. b5
Nh4 40. b6 Rg2+ 41. Kf1 Rxh2 42. Ke1 Nf3+ 43. Kd1 Ne5 44. Ne3 Kf7 45. Rd5
1/2-1/2

[Event "tm FRA 1st"]
[Site "France"]
[Date "1999.??.??"]
[Round "8"]
[White "Rainfray, Arnaud"]
[Black "Renet, Olivier"]
[Result "0-1"]
[WhiteElo "2322"]
[BlackElo "2500"]
[Annotator "Cannes-Clichy"]
[PlyCount "100"]
[EventDate "1999.??.??"]

1. e4 c5 2. Nf3 Nc6 3. Bb5 g6 4. Bxc6 dxc6 5. h3 Bg7 6. O-O Nf6 7. d3 Nd7 8.
Nc3 Nf8 9. Be3 Ne6 10. Nh2 Nd4 11. f4 O-O 12. Qd2 b6 13. Nd1 f5 14. e5 a5 15.
Nf3 Ra7 16. Bxd4 cxd4 17. Qf2 c5 18. a4 e6 19. b3 Kh8 20. Qg3 Rg8 21. Nb2 Bf8
22. Nc4 h6 23. h4 Bb7 24. Ncd2 Bd5 25. Kf2 Rh7 26. Rh1 Be7 27. Rab1 Rgg7 28.
Nc4 Kg8 29. Rh2 Kf8 30. Kg1 Rh8 31. Qf2 Rhg8 32. Ncd2 Qa8 33. Kf1 g5 34. hxg5
hxg5 35. fxg5 Bxg5 36. Nxg5 Rxg5 37. Qh4 Qb7 38. Qh6+ Qg7 39. Qxg7+ R5xg7 40.
Nc4 Rxg2 41. Rxg2 Rxg2 42. Rb2 f4 43. Nxb6 f3 44. Nd7+ Kf7 45. Nxc5 Kg6 46. b4
Kf5 47. bxa5 Kf4 48. Ne4 Bxe4 49. dxe4 d3 50. Rb8 Rxc2 0-1

[Event "tm FRA 1st"]
[Site "France"]
[Date "1999.??.??"]
[Round "8"]
[White "Conquest, Stuart"]
[Black "Sorin, Maxime"]
[Result "1-0"]
[WhiteElo "2488"]
[BlackElo "2208"]
[Annotator "Clichy-Cannes"]
[PlyCount "75"]
[EventDate "1999.??.??"]

1. e4 c5 2. Nf3 Nc6 3. d4 cxd4 4. Nxd4 Nf6 5. Nc3 d6 6. f3 e5 7. Nb3 Be7 8. Be3
O-O 9. Qd2 a5 10. Bb5 Na7 11. Be2 Be6 12. Rd1 Nc8 13. Qc1 Nb6 14. O-O Nc4 15.
Bxc4 Bxc4 16. Rf2 a4 17. Nc5 a3 18. b3 Qa5 19. N5a4 Be6 20. Rd3 Ra6 21. Bd2 b5
22. Nd5 Qd8 23. Nac3 Nxd5 24. Nxd5 f5 25. Re2 fxe4 26. fxe4 Rf7 27. h3 Bh4 28.
Qd1 Qf8 29. Bb4 Bf2+ 30. Rxf2 Rxf2 31. Nc7 Rc6 32. Nxe6 Qf6 33. Rxd6 Rcxc2 34.
Rd8+ Kf7 35. Rf8+ Kg6 36. Qg4+ Kh6 37. Rxf6+ gxf6 38. Qg7+ 1-0

[Event "tm FRA 1st"]
[Site "France"]
[Date "1999.??.??"]
[Round "8"]
[White "Peric, Slavisa"]
[Black "Lamoureux, Charles"]
[Result "0-1"]
[WhiteElo "2300"]
[BlackElo "2377"]
[Annotator "Cannes-Clichy"]
[PlyCount "59"]
[EventDate "1999.??.??"]

1. d4 Nf6 2. Nf3 d6 3. Bg5 Nbd7 4. Nbd2 c6 5. c3 Qc7 6. e4 e5 7. a4 Be7 8. dxe5
dxe5 9. h3 O-O 10. a5 Nc5 11. Qc2 Nh5 12. b4 Bxg5 13. Nxg5 Ne6 14. Ngf3 Rb8 15.
g3 Nf6 16. Bg2 c5 17. b5 Bd7 18. b6 axb6 19. axb6 Qxb6 20. Nc4 Qc7 21. Ncxe5
Bc8 22. O-O b5 23. Ng4 Nxg4 24. hxg4 Re8 25. Rfe1 Bb7 26. Nd2 c4 27. e5 Bxg2
28. Kxg2 Nc5 29. f4 Rbd8 30. Nf3 {suite illisible} 0-1

[Event "tm FRA 1st"]
[Site "France"]
[Date "1999.??.??"]
[Round "8"]
[White "Leconte, Maria"]
[Black "Bramme, Emmanuelle"]
[Result "1-0"]
[WhiteElo "2315"]
[BlackElo "2049"]
[Annotator "Clichy-Cannes"]
[PlyCount "83"]
[EventDate "1999.??.??"]

1. e4 c5 2. Nf3 e6 3. d4 cxd4 4. Nxd4 Nf6 5. Nc3 d6 6. g3 Nc6 7. Bg2 Bd7 8. Nb3
a6 9. a4 Be7 10. O-O O-O 11. Qe2 Qc7 12. g4 Ne5 13. g5 Ne8 14. f4 Nc4 15. f5
Ne5 16. Kh1 f6 17. Nd4 Qc8 18. fxe6 Bxe6 19. Nd5 Bd8 20. Nxe6 Qxe6 21. Nf4 Qc4
22. Qxc4+ Nxc4 23. g6 Ne5 24. Ne6 hxg6 25. Nxf8 Kxf8 26. Bh3 Bb6 27. Bf4 Ke7
28. b3 Nc7 29. a5 Bc5 30. b4 Ba7 31. Rab1 Nb5 32. Bxe5 dxe5 33. c4 Nd4 34. b5
axb5 35. cxb5 Bc5 36. Rfc1 Bd6 37. a6 bxa6 38. bxa6 f5 39. Rb7+ Kf6 40. a7 g5
41. Bxf5 Nxf5 42. Rc6 1-0

[Event "tm FRA 1st"]
[Site "France"]
[Date "1999.??.??"]
[Round "8"]
[White "David, Alberto"]
[Black "Magem Badals, Jordi"]
[Result "1/2-1/2"]
[WhiteElo "2533"]
[BlackElo "2557"]
[Annotator "Chess XV-Orange"]
[PlyCount "57"]
[EventDate "1999.??.??"]

1. e4 c6 2. d4 d5 3. f3 e6 4. Nc3 Bb4 5. Bd2 Ne7 6. Qe2 O-O 7. O-O-O b5 8. h4
a5 9. Nh3 Ba6 10. Qf2 Bd6 11. h5 Nd7 12. e5 Bc7 13. h6 g6 14. Bg5 b4 15. Ne2 c5
16. Qh4 Re8 17. Nf2 Bb6 18. Ng4 Rc8 19. Kb1 cxd4 20. Nf4 Bxf1 21. Rhxf1 Bc5 22.
Nd3 Qc7 23. Nxc5 Qxc5 24. Bxe7 Qxe7 25. Qf2 Qg5 26. Qe2 Rc5 27. f4 Qd8 28. Rxd4
Qb6 29. Qf2 1/2-1/2

[Event "tm FRA 1st"]
[Site "France"]
[Date "1999.??.??"]
[Round "8"]
[White "Lepelletier, Benoit"]
[Black "Guyard, Bertrand"]
[Result "1/2-1/2"]
[WhiteElo "2456"]
[BlackElo "2196"]
[Annotator "Orange-Chess XV"]
[PlyCount "49"]
[EventDate "1999.??.??"]

1. e4 e5 2. Nf3 Nc6 3. Nc3 Nf6 4. g3 d5 5. exd5 Nxd5 6. Bg2 Nxc3 7. bxc3 Bc5 8.
O-O O-O 9. Re1 Re8 10. d4 exd4 11. Rxe8+ Qxe8 12. cxd4 Bb6 13. c4 Bf5 14. c5
Ba5 15. Be3 Rd8 16. Qa4 Be4 17. Rd1 h6 18. Ne5 Bxg2 19. Kxg2 Nxe5 20. Qxe8+
Rxe8 21. dxe5 Rxe5 22. Rd8+ Kh7 23. Ra8 a6 24. c6 bxc6 25. Rxa6 1/2-1/2

[Event "tm FRA 1st"]
[Site "France"]
[Date "1999.??.??"]
[Round "8"]
[White "Schabanel, Stephane"]
[Black "Ochoa de Echeguen, Javier"]
[Result "0-1"]
[WhiteElo "2217"]
[BlackElo "2435"]
[Annotator "Chess XV-Orange"]
[PlyCount "94"]
[EventDate "1999.??.??"]

1. e4 c5 2. Nc3 Nc6 3. f4 e6 4. Nf3 d5 5. Bb5 Nf6 6. d3 Be7 7. O-O O-O 8. Bxc6
bxc6 9. e5 Ng4 10. h3 Nh6 11. g4 f6 12. Re1 Nf7 13. exf6 gxf6 14. Na4 Bd6 15.
Qe2 Qc7 16. Qf2 e5 17. Nxc5 Qb6 18. Nb3 exf4 19. d4 Ng5 20. Nxg5 fxg5 21. Bd2
Qc7 22. Ba5 Qf7 23. Qf3 Qg7 24. Re2 Bd7 25. Rae1 Rae8 26. Rxe8 Rxe8 27. Rxe8+
Bxe8 28. a3 Bg6 29. Qc3 Qe7 30. Bb4 Bxb4 31. axb4 Qe2 32. Qd2 Qf3 33. Nc5 Be4
34. Nxe4 dxe4 35. Qc3 e3 36. Qc4+ Kg7 37. Qe6 Qg3+ 38. Kh1 Qe1+ 39. Kh2 Qg3+
40. Kh1 Qxh3+ 41. Kg1 Qg3+ 42. Kh1 Qf3+ 43. Kg1 Qd1+ 44. Kg2 f3+ 45. Kg3 Qe1+
46. Kxf3 Qf2+ 47. Ke4 e2 0-1

[Event "tm FRA 1st"]
[Site "France"]
[Date "1999.??.??"]
[Round "8"]
[White "De la Riva Aguado, Oscar"]
[Black "Lohou, Stephane"]
[Result "1-0"]
[WhiteElo "2486"]
[BlackElo "2179"]
[Annotator "Orange-Chess XV"]
[PlyCount "77"]
[EventDate "1999.??.??"]

1. e4 c6 2. d4 d5 3. exd5 cxd5 4. c4 Nf6 5. Nc3 g6 6. cxd5 Bg7 7. Qb3 O-O 8.
Be2 Na6 9. Bf3 Qb6 10. Nge2 Bg4 11. Bxg4 Nxg4 12. O-O Rfd8 13. Nb5 Nf6 14. d6
exd6 15. Bg5 Re8 16. Nec3 Nc7 17. Nxc7 Qxc7 18. Bxf6 Bxf6 19. Nd5 Qd8 20. Rac1
Re4 21. Qf3 Re6 22. Nc7 Bxd4 23. Nxe6 fxe6 24. Qxb7 Rb8 25. Qe4 Qf6 26. b3 d5
27. Qe2 e5 28. Kh1 Qe6 29. f3 Qb6 30. Rcd1 Rf8 31. f4 exf4 32. Qd3 Be5 33.
Qxd5+ Kg7 34. Qe4 Qf6 35. Rd7+ Rf7 36. Rxf7+ Qxf7 37. Rd1 Qf6 38. g3 Bb2 39.
gxf4 1-0

[Event "tm FRA 1st"]
[Site "France"]
[Date "1999.??.??"]
[Round "8"]
[White "Bouton, Christophe"]
[Black "Goldgewicht, Lionel"]
[Result "0-1"]
[WhiteElo "2238"]
[BlackElo "2353"]
[Annotator "Chess XV-Orange"]
[PlyCount "80"]
[EventDate "1999.??.??"]

1. g3 d5 2. Bg2 Nf6 3. Nf3 e6 4. O-O Be7 5. b3 c5 6. Bb2 d4 7. Na3 Nc6 8. Nc4
O-O 9. e3 Rb8 10. Nfe5 Nxe5 11. Nxe5 Ne8 12. f4 Qd6 13. a4 f6 14. Nc4 Qd7 15.
Qe2 Nc7 16. e4 b6 17. d3 Bb7 18. f5 Rbe8 19. fxe6 Qxe6 20. Qh5 Bc8 21. Rae1 Bd6
22. Bc1 Be5 23. Bf4 Bxf4 24. Rxf4 Qe7 25. Bh3 Bxh3 26. Qxh3 Nd5 27. Rf5 Nb4 28.
Re2 Qe6 29. Qh4 Qxf5 30. exf5 Rxe2 31. Nd6 Nxc2 32. Qg4 Re5 33. Ne4 Ne3 34. Qe2
Rxf5 35. Nf2 Re8 36. Qa2 Nd5 37. g4 Re1+ 38. Kg2 Ne3+ 39. Kh3 Rf3+ 40. Kh4 Ng2+
0-1

[Event "tm FRA 1st"]
[Site "France"]
[Date "1999.??.??"]
[Round "8"]
[White "Brochet, Philippe"]
[Black "Bernard, Jacques"]
[Result "1-0"]
[WhiteElo "2351"]
[BlackElo "2199"]
[Annotator "Orange-Chess XV"]
[PlyCount "73"]
[EventDate "1999.??.??"]

1. e4 c5 2. Nf3 Nc6 3. Bb5 e6 4. Nc3 Nd4 5. O-O Nxb5 6. Nxb5 a6 7. Nc3 Ne7 8.
d4 cxd4 9. Nxd4 Nc6 10. Re1 e5 11. Nf5 d6 12. Nd5 g6 13. Be3 gxf5 14. Bb6 Qh4
15. Nc7+ Ke7 16. Nxa8 f4 17. Nc7 Rg8 18. Nd5+ Ke8 19. f3 Rg6 20. Kh1 Rh6 21.
Bg1 f5 22. Qd2 fxe4 23. Rxe4 Bf5 24. Rc4 Be7 25. g4 Bd7 26. Re1 Kf8 27. Bb6 Bd8
28. Qf2 Qh3 29. Bxd8 Nxd8 30. Rc7 Bc6 31. c4 Ne6 32. Rc8+ Kf7 33. Kg1 Nd4 34.
Kh1 Nxf3 35. Re2 Nxh2 36. Qxf4+ Kg7 37. Rc7+ 1-0

[Event "tm FRA 1st"]
[Site "France"]
[Date "1999.??.??"]
[Round "8"]
[White "Heinis, Vincent"]
[Black "Kovarcik, Thomas"]
[Result "1/2-1/2"]
[WhiteElo "2266"]
[BlackElo "2181"]
[Annotator "Chess XV-Orange"]
[PlyCount "51"]
[EventDate "1999.??.??"]

1. d4 d5 2. c4 c6 3. Nf3 Nf6 4. Nc3 dxc4 5. a4 Bf5 6. e3 e6 7. Bxc4 Bb4 8. O-O
O-O 9. Qe2 Bg6 10. Rd1 Nbd7 11. Bd3 Qe7 12. Bxg6 hxg6 13. e4 e5 14. d5 a5 15.
Bg5 Rfd8 16. dxc6 bxc6 17. Na2 Rab8 18. Rac1 Qe6 19. Nxb4 Rxb4 20. Qa6 Rxb2 21.
Bxf6 gxf6 22. Qxa5 Rdb8 23. Qc7 R8b7 24. Qxc6 Qxc6 25. Rxc6 Ra2 26. g3 1/2-1/2

[Event "tm FRA 1st"]
[Site "France"]
[Date "1999.??.??"]
[Round "8"]
[White "Kovarcik, Guillaume"]
[Black "Bakus, Michel"]
[Result "0-1"]
[WhiteElo "2165"]
[BlackElo "2160"]
[Annotator "Orange-Chess XV"]
[PlyCount "72"]
[EventDate "1999.??.??"]

1. Nc3 d5 2. e4 e6 3. Nf3 Nf6 4. Qe2 Be7 5. g3 c5 6. Bg2 Nc6 7. d3 O-O 8. O-O
a6 9. Nd2 b5 10. f4 b4 11. Ncb1 a5 12. c3 Ba6 13. exd5 exd5 14. Nf3 Re8 15. Qc2
Rc8 16. Bd2 Bd6 17. Re1 Qb6 18. Rxe8+ Rxe8 19. c4 Nd4 20. Nxd4 cxd4 21. b3 dxc4
22. bxc4 Ng4 23. Qa4 Re7 24. Bf3 Ne3 25. a3 Bb7 26. axb4 Bxf3 27. c5 Qb7 28.
Qxa5 Re8 29. Bxe3 dxe3 30. cxd6 e2 31. Nd2 e1=Q+ 32. Rxe1 Rxe1+ 33. Kf2 Re2+
34. Kg1 Qc8 35. Nc4 h6 36. Qc7 Qh3 0-1

[Event "tm FRA 1st"]
[Site "France"]
[Date "1999.??.??"]
[Round "8"]
[White "Bonvalot, Isabelle"]
[Black "Guadalpi, Celine"]
[Result "0-1"]
[WhiteElo "2000"]
[BlackElo "1980"]
[Annotator "Chess XV-Orange"]
[PlyCount "80"]
[EventDate "1999.??.??"]

1. e4 c5 2. c3 d5 3. exd5 Qxd5 4. d4 Nf6 5. Nf3 Bg4 6. Be2 e6 7. O-O Nc6 8. Na3
a6 9. Nc2 Be7 10. Ne3 Qd7 11. Nxg4 Nxg4 12. h3 Nf6 13. dxc5 Bxc5 14. Qa4 O-O
15. Rd1 Qe7 16. Bg5 h6 17. Bh4 Rfd8 18. b4 Bd6 19. b5 axb5 20. Qxb5 Rd7 21. a4
Ra5 22. Qb3 g5 23. Bg3 Bxg3 24. fxg3 Rad5 25. Bb5 Ne4 26. Nd4 Qc5 27. Bxc6 bxc6
28. Kh2 Qd6 29. Rd3 Nc5 30. Qc2 Nxd3 31. Qxd3 c5 32. a5 cxd4 33. c4 Qa6 34. Qb3
Rxa5 35. Rf1 Qd6 36. Qf3 Ra3 37. Qf6 Rxg3 38. c5 Qc7 39. Qxh6 Rf3+ 40. Kg1
Rxf1+ 0-1

[Event "tm FRA 1st"]
[Site "France"]
[Date "1999.??.??"]
[Round "8"]
[White "Spiridonov, Nikola"]
[Black "Legky, Nikolay"]
[Result "1/2-1/2"]
[WhiteElo "2487"]
[BlackElo "2398"]
[Annotator "Paris Caissa-Drancy"]
[PlyCount "108"]
[EventDate "1999.??.??"]

1. Nf3 d5 2. c4 dxc4 3. e3 Nf6 4. Bxc4 e6 5. O-O c5 6. b3 Be7 7. Bb2 O-O 8. Re1
Nc6 9. Bf1 b6 10. a3 Bb7 11. Qc2 Rc8 12. d3 Re8 13. Nbd2 Bf8 14. Rac1 e5 15.
Qb1 Nd5 16. g3 g6 17. Bg2 Bg7 18. Red1 Qe7 19. Re1 Rcd8 20. Rcd1 Ba8 21. Nc4
Nc7 22. h4 h6 23. d4 e4 24. Nfe5 b5 25. Nxc6 Bxc6 26. Na5 Ba8 27. dxc5 Bxb2 28.
Qxb2 Qxc5 29. b4 Qe7 30. Qc1 Nd5 31. Rd4 Nb6 32. Nc6 Bxc6 33. Qxc6 Rxd4 34.
exd4 Rd8 35. Rxe4 Qd7 36. Qxd7 Rxd7 37. Re8+ Kg7 38. Bc6 Rxd4 39. Bxb5 Nc4 40.
Bxc4 Rxc4 41. Re5 Rc6 42. Ra5 a6 43. Kf1 Re6 44. h5 f5 45. f4 gxh5 46. Rxf5 Re3
47. Ra5 Rxg3 48. Rxa6 h4 49. f5 Kf7 50. Rxh6 Rxa3 51. Rxh4 Kf6 52. Rf4 Re3 53.
Kf2 Re5 54. Kf3 Rxf5 1/2-1/2

[Event "tm FRA 1st"]
[Site "France"]
[Date "1999.??.??"]
[Round "8"]
[White "Borne, Niels"]
[Black "Elbilia, Jacques"]
[Result "0-1"]
[WhiteElo "2305"]
[BlackElo "2360"]
[Annotator "Drancy-Paris Caissa"]
[PlyCount "71"]
[EventDate "1999.??.??"]

1. d4 e6 2. c4 f5 3. Nf3 Nf6 4. g3 d5 5. Bg2 c6 6. O-O Bd6 7. Nc3 O-O 8. Qc2
Qe7 9. Rb1 Ne4 10. c5 Bc7 11. Bf4 Bxf4 12. gxf4 Nd7 13. b4 b6 14. Na4 bxc5 15.
bxc5 Ba6 16. Nb2 Qd8 17. Nd3 Qa5 18. Nb4 Rfc8 19. Nxa6 Qxa6 20. Rb4 Rab8 21.
Rfb1 Rxb4 22. Rxb4 Rb8 23. Rxb8+ Nxb8 24. Qb3 Qb5 25. Bf1 Qxb3 26. axb3 Na6 27.
Ng5 Nd2 28. Nxe6 Nb4 29. f3 Kf7 30. Ng5+ Ke7 31. e4 h6 32. exd5 cxd5 33. Nh3
Nxf3+ 34. Kf2 Nxd4 35. Ke3 Nxb3 36. Nf2 0-1

[Event "tm FRA 1st"]
[Site "France"]
[Date "1999.??.??"]
[Round "8"]
[White "Lopez, Jorge"]
[Black "Doornbos, Yann"]
[Result "0-1"]
[WhiteElo "2189"]
[BlackElo "2332"]
[Annotator "Paris Caissa-Drancy"]
[PlyCount "128"]
[EventDate "1999.??.??"]

1. d4 d5 2. Nf3 Nf6 3. e3 e6 4. Bd3 c5 5. c3 Be7 6. Nbd2 O-O 7. O-O b6 8. dxc5
bxc5 9. e4 Nc6 10. Qe2 Bb7 11. Re1 Qc7 12. b3 Rab8 13. e5 Nd7 14. Nf1 c4 15.
Bc2 Nc5 16. b4 Ne4 17. Bd2 f5 18. exf6 Bxf6 19. Ng3 Nxd2 20. Qxd2 Rbe8 21. Ng5
Bxg5 22. Qxg5 Qf7 23. f3 Nb8 24. Re2 Nd7 25. Ba4 Rd8 26. Bxd7 Qxd7 27. Rd1 Rde8
28. Re5 a5 29. a3 axb4 30. axb4 Qa4 31. Qc1 Bc8 32. Rd4 Rf7 33. h4 Ra7 34. Kh2
Rf8 35. Rf4 Rxf4 36. Qxf4 h6 37. Qd4 Rf7 38. Re2 Qa1 39. f4 Bd7 40. Qd2 Qb1 41.
Qd4 Qg6 42. Rd2 Ba4 43. Nf1 Bc2 44. Ne3 Be4 45. Qe5 Rf8 46. g3 Ra8 47. g4 Ra1
48. h5 Qf7 49. Ng2 Rc1 50. Ra2 Kh7 51. Kg3 Qf6 52. Qxf6 gxf6 53. Ra3 Rg1 54.
Kf2 Rxg2+ 55. Ke3 Rxg4 56. b5 Rg3+ 57. Kd4 Rd3+ 58. Kc5 d4 59. Ra7+ Kg8 60.
cxd4 c3 61. Rc7 c2 62. Kd6 Rxd4+ 63. Kxe6 Bd5+ 64. Kxf6 Rc4 0-1

[Event "tm FRA 1st"]
[Site "France"]
[Date "1999.??.??"]
[Round "8"]
[White "Moracchini, Fabrice"]
[Black "Lecuyer, Christian"]
[Result "1/2-1/2"]
[WhiteElo "2303"]
[BlackElo "2265"]
[Annotator "Drancy-Paris Caissa"]
[PlyCount "86"]
[EventDate "1999.??.??"]

1. d4 Nf6 2. Nf3 e6 3. c4 c5 4. d5 exd5 5. cxd5 d6 6. Nc3 g6 7. e4 Bg7 8. Be2
O-O 9. O-O Re8 10. Nd2 Na6 11. f3 Nc7 12. a4 b6 13. Kh1 Rb8 14. Ra3 Nd7 15. Nb5
Nxb5 16. Bxb5 Rf8 17. Nc4 Ne5 18. Ne3 a6 19. Be2 b5 20. axb5 axb5 21. b4 cxb4
22. Rb3 f5 23. Rxb4 fxe4 24. Rxe4 Nd7 25. Rb4 Ba6 26. Bb2 Bxb2 27. Rxb2 Qb6 28.
Nc2 Nc5 29. Nd4 b4 30. Nc6 Bxe2 31. Qxe2 Rbe8 32. Qd2 b3 33. Rfb1 Rf5 34. h3
Qb7 35. Qd1 Qf7 36. Rd2 h5 37. Na5 Rfe5 38. Nc4 Re1+ 39. Qxe1 Rxe1+ 40. Rxe1
Qf4 41. Ne3 Qb4 42. Ree2 Qc3 43. Nd1 Qc1 1/2-1/2

[Event "tm FRA 1st"]
[Site "France"]
[Date "1999.??.??"]
[Round "8"]
[White "Zangrilli, David"]
[Black "Eustache, Boris"]
[Result "0-1"]
[WhiteElo "2254"]
[BlackElo "2100"]
[Annotator "Drancy-Paris Caissa"]
[PlyCount "132"]
[EventDate "1999.??.??"]

1. e4 e6 2. d4 d5 3. e5 c5 4. c3 Nc6 5. Nf3 Qb6 6. a3 Bd7 7. b4 cxd4 8. cxd4
Rc8 9. Be2 a5 10. b5 Nxd4 11. Nxd4 Rxc1 12. Qxc1 Qxd4 13. Ra2 Qxe5 14. O-O Nf6
15. Qc3 Bd6 16. f4 Qxc3 17. Nxc3 Ke7 18. Kh1 Rc8 19. Na4 Ne4 20. g3 Nc3 21.
Nxc3 Rxc3 22. a4 Bc5 23. Rf3 Rc1+ 24. Rf1 Rc3 25. Rf3 Be3 26. Bd1 Kd6 27. Kg2
f6 28. Rb2 d4 29. Rb3 Rc1 30. Rd3 Ke7 31. Rf1 e5 32. fxe5 fxe5 33. Bb3 Bh3+ 34.
Kxh3 Rxf1 35. Bd5 b6 36. Ra3 Bd2 37. Kg2 Rf6 38. Be4 g6 39. Rf3 Rd6 40. Kf1 h6
41. Ke2 Be3 42. Kd3 Bg1 43. h3 Rf6 44. Rxf6 Kxf6 45. Ke2 Be3 46. g4 Kg5 47. Kf3
Kh4 48. Kg2 h5 49. gxh5 gxh5 50. Bc2 Kg5 51. Kf3 Kf6 52. Ke4 Ke6 53. Bb3+ Kd6
54. Bd1 h4 55. Bc2 Bf4 56. Bd1 Kc5 57. Be2 Bg3 58. Kd3 Kb4 59. Bd1 Bf4 60. Bc2
Bh6 61. Bd1 Bg7 62. Bc2 e4+ 63. Kxe4 Kc3 64. Bd1 d3 65. Ke3 Bd4+ 66. Ke4 Bc5
0-1